00506 2200205 4500001002100000005001700021008004100038035002400079082001200103090002000115245003800135250001000173260003300183300002400216650001100240850001500251980001300266985000600279999001500285YOGYA-0209000003228920090227024653.0 ind  0010-020900000032289 a634.651 a634.651bBerlT aBERTANAM pepaya, pisang dan jeruk aCet.2 aJakartabBalai Pustakac1980 a24 hlmbilusc21 cm aPepaya aYOPDYOG(B) a06-12-06 a1 a06A0019110